000 00812nas a2200277 4500
001 BR9700981
003 BR-BrBNA
005 20231205100059.0
007 ta
008 230509b bl.|||p| |||| 00| 00por d
040 _aBR-BrBNA
_bpor
_cBiblioteca Nacional de Agricultura
041 _a(Pt)
072 _aF60
100 1 _aVasconcellos, F.J. de
100 1 _aFreitas, J.A. de
100 1 _aSilva, A.C. e
245 1 _aObservacao microscopica de inclusoes minerais no xilema de especies tropicais da Amazonia
650 _aMadeira
650 _aXilema
650 _aSilicio
650 _aMicroscopio
650 _aAmazonia
773 0 _tActa Amazonica (Brazil)
_xISSN 0044-5967
_g(Mar-Jun 1995), v. 25(1-2) p. 55-68
_wBR9700981
909 _a202311
_bLúcia
_c55
_dLúcia Elande
942 _2AGRIS
_n0
_cANA
999 _c154298
_d154298